000 00463nam a2200181Ia 4500
008 180921t1961 xxu||||| |||| 00| 0 sin d
041 _asin
080 _a616.12
_bKAR
100 _aKarunarathna, W.A.
245 _aඔබ සහ ඔබේ හදවත
246 _aOba saha obe hadavatha
260 _b
_c1961
300 _a16p., 22 cm
650 _aHeart attacks
_aCardiology
942 _cBK
999 _c18544
_d18544
003 LK-CoDNM
040 _aLK-CoDNM
_dLK-CoDNM
_eLK-CoDNM